100 Largest Cities in Japan - Statistics

General Stats
  • This quiz has been taken 836 times
  • The average score is 36 of 100
Answer Stats
Rank Population City % Correct
1 8,956,000 Tokyo
100%
3 2,670,000 Osaka
98%
11 1,178,000 Hiroshima
95%
8 1,470,000 Kyoto
95%
5 1,906,000 Sapporo
93%
4 2,266,000 Nagoya
91%
31 445,000 Nagasaki
90%
2 3,690,000 Yokohama
90%
6 1,544,000 Kobe
86%
7 1,482,000 Fukuoka
83%
12 1,045,000 Sendai
77%
14 962,000 Chiba
70%
9 1,413,000 Kawasaki
70%
17 812,000 Niigata
67%
74 277,000 Fukushima
66%
10 1,230,000 Saitama
65%
13 985,000 Kitakyushu
62%
24 537,000 Kagoshima
58%
52 350,000 Nara
58%
19 734,000 Kumamoto
57%
23 711,000 Okayama
57%
22 712,000 Shizuoka
57%
54 347,000 Nagano
56%
66 304,000 Naha
54%
18 797,000 Hamamatsu
53%
69 288,000 Aomori
52%
41 411,000 Gifu
48%
68 302,000 Akita
47%
62 307,000 Hakodate
47%
70 287,000 Miyazaki
46%
45 397,000 Wakayama
46%
16 842,000 Sakai
45%
43 409,000 Oita
44%
60 317,000 Kochi
43%
57 332,000 Toyota
43%
96 222,000 Fuji
42%
33 443,000 Kanazawa
42%
32 444,000 Matsuyama
41%
59 321,000 Toyama
39%
78 264,000 Tokushima
38%
85 253,000 Fukui
37%
93 235,000 Morioka
37%
38 427,000 Utsunomiya
37%
30 454,000 Himeji
35%
20 719,000 Sagamihara
34%
86 249,000 Yamagata
34%
58 330,000 Takamatsu
30%
25 533,000 Funabashi
28%
28 466,000 Hachioji
28%
49 359,000 Asahikawa
27%
47 366,000 Fukuyama
27%
79 263,000 Shimonoseki
27%
81 260,000 Otsu
26%
71 286,000 Maebashi
25%
94 234,000 Mito
25%
36 433,000 Yokosuka
22%
88 245,000 Sasebo
21%
92 236,000 Takasaki
21%
26 518,000 Higashi-Osaka
20%
50 356,000 Iwaki
20%
34 439,000 Kawaguchi
20%
63 307,000 Okazaki
19%
27 501,000 Amagasaki
18%
90 241,000 Hachinohe
18%
84 254,000 Ibaraki
18%
56 338,000 Toyohashi
18%
35 437,000 Ichikawa
17%
40 415,000 Kurashiki
17%
75 274,000 Yokkaichi
17%
76 271,000 Akashi
16%
65 305,000 Kawagoe
16%
61 315,000 Koriyama
16%
51 351,000 Fujisawa
15%
64 306,000 Kashiwa
15%
53 349,000 Machida
15%
29 456,000 Matsudo
14%
97 217,000 Kure
13%
95 228,000 Kurume
13%
37 428,000 Nishinomiya
13%
48 360,000 Takatsuki
13%
99 209,000 Fuchu
12%
80 262,000 Ichinomiya
12%
21 715,000 Nerima
12%
73 278,000 Yao
12%
15 881,000 Setagaya
11%
46 391,000 Hirakata
10%
82 258,000 Ichihara
10%
44 404,000 Omiya
10%
55 345,000 Suita
10%
67 303,000 Tokorozawa
10%
42 410,000 Toyonaka
10%
72 285,000 Koshigaya
9%
91 240,000 Kakogawa
7%
98 211,000 Numazu
7%
87 246,000 Hiratsuka
6%
89 242,000 Shimizu
6%
100 206,000 Soka
6%
39 418,000 Urawa
6%
77 267,000 Kasugai
5%
83 257,000 Neyagawa
5%
No matching quizzes found
Score Distribution
Percent of People with Each Score
Percentile by Number Answered
Your Score History
You have not taken this quiz